000 00426nam a22001577a 4500
005 20251108175712.0
008 250721s9999 xx 000 0 ara d
082 1 4 _aJ/F/TUR
245 1 0 _aPRESCHOOL READER FOR BEGINNERS / TURTLE "S FLUTE /
264 1 _aDELHI :
_bMANOJ PUBLIATIONS،
300 _aP(16).
650 1 7 _aFICTION
653 _aاطفال مرحله متوسطه(6-9)
942 _2ddc
_cBK
999 _c140360
_d140360